The Washington manual of medical therapeutics (Record no. 3458)

000 -LEADER
fixed length control field 01442cam a2200385Ia 4500
003 - CONTROL NUMBER IDENTIFIER
control field OSt
005 - DATE AND TIME OF LATEST TRANSACTION
control field 20211116062633.0
008 - FIXED-LENGTH DATA ELEMENTS--GENERAL INFORMATION
fixed length control field 010327s2001 paua 000 0 eng d
020 ## - INTERNATIONAL STANDARD BOOK NUMBER
International Standard Book Number 0781723590
020 ## - INTERNATIONAL STANDARD BOOK NUMBER
Terms of availability 39.95
035 ## - SYSTEM CONTROL NUMBER
System control number ocm46605078
040 ## - CATALOGING SOURCE
Original cataloging agency MOP
Transcribing agency MOP
Modifying agency COU
-- JHW
049 ## - LOCAL HOLDINGS (OCLC)
Holding library JHWW
050 ## - LIBRARY OF CONGRESS CALL NUMBER
Classification number RM104
Item number .M3 2001
090 ## - LOCALLY ASSIGNED LC-TYPE CALL NUMBER (OCLC); LOCAL CALL NUMBER (RLIN)
Classification number (OCLC) (R) ; Classification number, CALL (RLIN) (NR) RC71
Local cutter number (OCLC) ; Book number/undivided call number, CALL (RLIN) .W2 2001
096 ## - LOCALLY ASSIGNED NLM-TYPE CALL NUMBER (OCLC)
Classification number WB 300 W319m 2001
245 04 - TITLE STATEMENT
Title The Washington manual of medical therapeutics
246 30 - VARYING FORM OF TITLE
Title proper/short title Manual of medical therapeutics
246 3# - VARYING FORM OF TITLE
Title proper/short title Washington University manual of medical therapeutics
246 3# - VARYING FORM OF TITLE
Title proper/short title Outline of medical therapeutics
250 ## - EDITION STATEMENT
Edition statement 30th ed. /
Remainder of edition statement Shubhada N. Ahya, Kellie Flood, Subramanian Paranjothi, editors; Robyn A. Schaiff, associate editor.
260 ## - PUBLICATION, DISTRIBUTION, ETC.
Place of publication, distribution, etc. Philadelphia :
Name of publisher, distributor, etc. Lippincott Williams & Wilkins,
Date of publication, distribution, etc. c2001.
300 ## - PHYSICAL DESCRIPTION
Extent xv, 697 p. :
Other physical details ill. ;
Dimensions 22 cm.
440 #0 - SERIES STATEMENT/ADDED ENTRY--TITLE
Title Lippincott Williams & Wilkins spiral manual
500 ## - GENERAL NOTE
General note Earlier editions titled: Manual of medical therapeutics; Washington University manual of medical therapeutics; Outline of medical therapeutics.
650 #2 - SUBJECT ADDED ENTRY--TOPICAL TERM
Topical term or geographic name entry element Therapeutics
Form subdivision handbooks.
650 #0 - SUBJECT ADDED ENTRY--TOPICAL TERM
Topical term or geographic name entry element Therapeutics
Form subdivision Handbooks, manuals, etc.
700 1# - ADDED ENTRY--PERSONAL NAME
Personal name Ahya, Shubhada N.
700 1# - ADDED ENTRY--PERSONAL NAME
Personal name Flood, Kellie.
700 1# - ADDED ENTRY--PERSONAL NAME
Personal name Paranjothi, Subramanian.
700 1# - ADDED ENTRY--PERSONAL NAME
Personal name Schaiff, Robyn A.
710 2# - ADDED ENTRY--CORPORATE NAME
Corporate name or jurisdiction name as entry element Washington University (Saint Louis, Mo.).
Subordinate unit Department of Medicine
910 ## - USER-OPTION DATA (OCLC)
User-option data 2201086
942 ## - ADDED ENTRY ELEMENTS (KOHA)
Source of classification or shelving scheme
Koha item type Book
Suppress in OPAC DO
Holdings
Withdrawn status Lost status Source of classification or shelving scheme Damaged status Not for loan Permanent Location Current Location Shelving location Date acquired Source of acquisition Total Checkouts Full call number Barcode Date last seen Price effective from Koha item type Public note
          AU LIBRARY AU LIBRARY Open Shelf 16.11.2021 DONATION FROM MOI UNIVERSITY   RM104 .M3 2001 28004898 16.11.2021 16.11.2021 Book DO

Powered by Koha